[Event "Titled Tue 25th Feb Early"]
[Site "chess.com INT"]
[Date "2025.02.25"]
[Round "8"]
[White "Bok, B.."]
[Black "Erigaisi, Arjun"]
[Result "0-1"]
[WhiteElo "2583"]
[BlackElo "2801"]
[PlyCount "54"]
[EventDate "2025.02.25"]

1. d4 {Golod,Vitali} Nf6 2. c4 e6 3. Nc3 Bb4 4. Qc2 O-O 5. a3 Bxc3+ 6. Qxc3 b6 7. Bg5 c5 ({RR} 7... Bb7) 8. e3 ({RR} 8. dxc5) 8... Bb7 ({RR} 8... d6 9. Bd3 ({RR} 9. f3 Nbd7 10. dxc5 bxc5 11. Nh3 Qb6 12. Rd1 h6 13. Bh4 d5 14. Bf2 Ba6 15. Rd2 Rfd8 16. Be2 Bxc4 17. Bxc4 dxc4 18. O-O Qb3) ({RR} 9. dxc5 bxc5 ({RR} 9... dxc5) 10. O-O-O Ne4 11. Qd3) 9... cxd4 ({RR} 9... Nbd7 10. Ne2 Ba6 11. Rc1 Rc8 12. Qd2 Re8 13. Ng3 cxd4 14. exd4 d5) 10. exd4 d5 ({RR} 10... Bb7 11. Nf3 h6) 11. cxd5 Qxd5 ({RR} 11... exd5 12. Nf3 ({RR} 12. Ne2) 12... Re8+ 13. Ne5 Nbd7 14. O-O Nxe5 15. dxe5 d4 16. Qe1 Bb7 17. f3) ({RR} 11... Nxd5 12. Bxh7+ Kh8 ({RR} 12... Kxh7 13. Qh3+) 13. Qg3 f6 14. Bg6) 12. Bxf6 ({RR} 12. Nf3 Ne4 13. Bxe4 Qxe4+ 14. Qe3 Bb7) 12... gxf6 ({RR} 12... Qxg2 13. Be2 ({RR} 13. Bf1 Qxh1 14. Qg3 Qe4+ ({RR} 14... g6) 15. Ne2 Qg6 16. Qxg6 hxg6 17. Bg2 gxf6 18. Bxa8) ({RR} 13. Ne2 Qxh1+ 14. Kd2 Qxa1 15. Bxh7+ Kxh7 16. Qh3+ Kg8 17. Qg3 Qxb2+ 18. Kd1 Qb1+ 19. Kd2 Qg6) ({RR} 13. Nh3 Qxh1+ 14. Kd2 Qxh2 ({RR} 14... Qxa1 15. Bxh7+ Kxh7 ({RR} 15... Kh8 16. Bc2) 16. Qd3+ Kg8 17. Ng5 Qxb2+ 18. Kd1 Qb3+ 19. Qxb3 gxf6 20. Qg3 fxg5 21. Qxg5+)) ({RR} 13. O-O-O Bb7 14. Ne2 Rc8 15. Rhg1 Rxc3+ 16. bxc3 Qxf2 17. Rxg7+ Kf8) 13... Bb7 ({RR} 13... Ba6 14. Kd2 gxf6 ({RR} 14... Qxf2 15. Rf1 Qg2 16. Be5) ({RR} 14... Qxh1 15. Qg3 g6 16. Bf3) 15. Nh3 Kh8 16. Rag1 Qd5 ({RR} 16... Qc6 17. Qxc6 Nxc6 18. Bxa6 Nxd4) 17. Bf3) ({RR} 13... Qxh1 14. Qg3 g6 15. Bf3) 14. Bxg7 Qxh1 ({RR} 14... Rc8 15. Qxc8+ Bxc8 16. Bf3 Qxg7 ({RR} 16... Bb7 17. Bxg2 Bxg2 18. Be5 Bxh1 19. f3) 17. Ne2) 15. Qg3 Qg2 ({RR} 15... Qe4 16. Bh6+ Qg6 17. Bxf8 {RR} Kxf8 18. Rc1) 16. Bxf8+ Qxg3 ({RR} 16... Kxf8 17. Rc1) 17. hxg3 Kxf8 18. Rc1 Nc6 19. Bf3 Rc8 20. Ne2) 13. Ne2 Rd8 ({RR} 13... Bb7) ({RR} 13... Ba6 14. Nf4 Qb7 ({RR} 14... Qg5 15. Be4 Rc8 ({RR} 15... Qxf4 16. Bxa8 Rc8 17. Qd2) 16. Qf3) 15. O-O) 14. Ng3 Qxd4 ({RR} 14... f5 15. Be2 ({RR} 15. Nh5 Qxd4) 15... Bb7 ({RR} 15... Qxd4 16. Bf3 ({RR} 16. Qxd4 Rxd4 17. Bf3 Rd5 18. Bxd5 exd5) 16... Qxc3+ 17. bxc3 Rd5 18. c4 Re5+ 19. Kd2) 16. Bf3 Qd7 17. Nh5 Qe7 ({RR} 17... Kf8 18. Qb4+) 18. Bxb7 Qxb7 19. d5) ({RR} 14... Bb7 15. Be4 Qd7 16. Nh5) 15. Be4 Qxc3+ 16. bxc3 Rd5 17. Rd1 ({RR} 17. Bxd5 exd5 18. Rd1 Be6) ({RR} 17. c4 Re5 18. O-O-O Rxe4 19. Nxe4 Kg7) 17... Bb7 18. Bxd5 Bxd5 ({RR} 18... exd5 19. O-O) 19. Nh5 Nd7 20. c4 Bc6 21. Rxd7 Bxd7 22. Nxf6+ Kg7 ({RR} 22... Kf8 23. Nxd7+ Ke7 24. Ne5) 23. Nxd7 {Kasparov,G (2815)-Timman,J (2655) Prague 1998 CBM 067 [Golod,Vitali] 1-0}) ({RR} 8... h6) ({RR} 8... Nc6) ({RR} 8... cxd4) ({RR} 8... h6 9. Bh4 cxd4 10. exd4 d5 11. cxd5 g5 12. Bg3 Nxd5 13. Qd2 Nc6 14. Nf3 f5 15. Be5 Nxe5 16. Nxe5 Qf6 17. Bb5 Rd8 18. Bc6 Rb8 19. O-O Ne7 20. Rfe1 Ng6 21. Qc3 Nxe5 22. Rxe5 Bb7 23. Bxb7 {Gershon,A (2430)-Postny,E (2551) Israel ISR 2025 ½-½ (38)}) 9. Ne2 $146 ({RR} 9. Nh3 d6 10. f3 h6 11. Bh4 cxd4 12. Qxd4 Nc6 13. Qd1 Ne5 14. Be2 Rc8 15. Rc1 Ba6 16. Qa4 Bxc4 17. Rxc4 Nxc4 18. Bxc4 g5 19. Bg3 Qc7 20. b3 Nd5 21. Kf2 a5 22. Be2 Qc5 23. Qd4 Qxd4 {Kishnev,S (2340)-Djukic,Z Sibenik 1987 0-1 (57)}) 9... h6 10. Bh4 d6 11. dxc5 bxc5 12. O-O-O Nbd7 13. f3 d5 14. cxd5 exd5 15. Qd2 Qb6 16. Nc3 Bc6 17. Kb1 Rab8 18. Ka1 d4 19. exd4 cxd4 20. Na2 Nc5 21. Nc1 Bd5 22. b4 a5 23. Bxf6 axb4 24. Bxd4 bxa3 25. Bd3 Rfc8 26. Bxc5 Qf6+ 27. Bd4 Qxd4+ 0-1

[Event "El Prat de Llobregat op-A 1st"]
[Site "El Prat de Llobregat"]
[Date "2019.12.09"]
[Round "7"]
[White "Del Rio de Angelis, Salvador Gabriel"]
[Black "Erigaisi, Arjun Kumar"]
[Result "1/2-1/2"]
[WhiteElo "2507"]
[BlackElo "2544"]
[PlyCount "73"]
[EventDate "2019.12.03"]
[EventType "swiss"]
[EventRounds "9"]
[EventCountry "ESP"]
[SourceTitle "CBM 193 Extra"]
[Source "ChessBase"]
[SourceDate "2020.01.31"]
[SourceVersion "1"]
[SourceVersionDate "2020.01.31"]
[SourceQuality "1"]

1. d4 {Krasenkow,Michal} Nf6 2. c4 e6 3. Nc3 Bb4 4. e3 b6 5. Bd3 Bb7 6. Nf3 O-O 7. O-O d5 8. cxd5 exd5 9. Ne5 Nbd7 10. f4 c5 11. Ne2 ({RR} 11. Bd2 Ne4) ({RR} 11. Bd2 Ne4 12. Nxe4 dxe4 13. Bc4 Bxd2 14. Qxd2 Nxe5 15. fxe5 Bd5 16. b3 cxd4 17. exd4 Rc8 18. Rac1 Bxc4 19. bxc4 f6 20. exf6 Rxf6 21. Rxf6 Qxf6 22. Qe3 Qe6 23. d5 Qe5 24. a4 h6 25. h3 Rc5 {Guo Qi (2362)-Zhai Mo (2348) Fuling CHN 2024 ½-½}) 11... c4 ({RR} 11... cxd4 12. exd4 Be7 ({RR} 12... a6 13. Ng3 Re8 14. Be3 Bf8 15. h4 ({RR} 15. a4) 15... b5 16. h5 Rc8 17. Qf3 Rc7 18. Rad1 Ne4) ({RR} 12... Ne4 13. Qa4 Nxe5 14. fxe5 Be7 15. Nf4 ({RR} 15. Ng3) 15... Bg5 16. Qb3 Rc8 17. Be3 Kh8 18. Rae1 Bxf4 19. Rxf4 Qe7) ({RR} 12... Bd6 13. Ng3 Ne4 14. Nf5 Ndf6 15. g4 Bc8 16. Ne3 Bxe5 17. fxe5 Ne8 18. Qf3 Bb7 19. b3) 13. Ng3 ({RR} 13. Be3 Ne4 14. Rc1 Ndf6 15. Qb3 Bd6 16. Ng3 Nxg3 17. hxg3 Qe7 18. Rc2 Rfc8 19. Rfc1 g6) 13... Ne4 14. Nf5 Bf6 15. Qg4 Kh8 16. Bxe4 dxe4 17. Nd6 Bd5 18. Qxd7 Bxe5 19. Nxf7+ Rxf7 20. Qxd8+ Rxd8 21. dxe5) 12. Bc2 ({RR} 12. Bf5 g6 ({RR} 12... b5 13. b3 Nb6 14. Rb1 Qd6 15. Ng3 Rfe8 16. Qc2 Bc8 17. bxc4 Nxc4 18. e4 dxe4 19. Nxc4 bxc4 20. Qxc4 a5) 13. Qa4 ({RR} 13. Bc2 b5 14. f5 Bd6) 13... gxf5 14. Qxb4 Ne4 15. a4 f6 16. Nf3 Nb8 17. Qe1 Nc6 18. Bd2 Kh8 19. Nh4 Qd7 20. Nc3 Rae8 21. Nxe4 Rxe4 22. Qd1 Rg8 23. Qh5 Bc8 24. Rf3 Qe8 25. Qh6 Qf7 26. b4 Ne7 {Caruana,F (2787)-Adams,M (2744) Wijk aan Zee 2016 CBM 171 [Krasenkow,Michal] 1-0 (64)} ({RR} 26... cxb3 27. Rb1)) 12... Qe7 $146 ({RR} 12... b5 13. Bd2 ({RR} 13. Bd2 Be7 14. Ng3 Re8 15. Qf3 Bf8 16. Rac1 Nb6 17. Ba5 Ne4) 13... Be7 14. Ng3 Re8 15. Qf3 Bf8 16. Rac1 Nb6 17. Ba5 Ne4 18. a3 f6 19. Ng4 Qd7 20. h4 Kh8 21. h5 h6 22. Nf2 Nc8 23. Ngxe4 dxe4 24. Qe2 Ne7 25. g4 Nc6 26. Bd2 Qd5 27. Nd1 {Iljiushenok,I (2422)-Shimanov,A (2549) Moscow 2012 0-1 (36)}) ({RR} 12... b5 13. b3 Nb6 14. Rb1 Qe7 ({RR} 14... Be7 15. bxc4 bxc4 16. a4 Qc7 17. Nc3 Nc8 18. Nb5 Qd8 19. Rf3 a6 20. Nc3 Nd6 21. Rh3)) ({RR} 12... Rc8 13. Ng3 Ne4 14. Bxe4 dxe4 15. Bd2 Bxd2 16. Qxd2 Nf6 17. Rfc1 Ba6 18. b3 b5 19. bxc4 bxc4 20. Rab1 Re8 21. Qb4 Re6 22. Qa3 g6 23. Rb4 Qf8 24. Ra4 Qxa3 25. Rxa3 Rc7 26. Ne2 Nd5 27. Nc3 {Sargissian,G (2679)-Gholami,A (2454) Guilan 2016 1-0 (47)}) 13. Nc3 Rac8 14. Bd2 Rfd8 15. Be1 Ne4 16. Qg4 Bxc3 17. bxc3 f6 18. Nxd7 Qxd7 19. Qxd7 Rxd7 20. Bxe4 dxe4 21. Rf2 Rd5 22. Rb2 Ra5 23. Rc1 Kf7 24. Rcc2 Ke6 25. Bg3 Ba6 26. Kf2 Rd8 27. Ke1 Rdd5 28. Kd1 Ra3 29. Kc1 h5 30. Be1 Rda5 31. Kb1 Bc8 32. Rf2 Bd7 33. Rb4 Kd5 34. Rbb2 Ba4 35. Rfe2 Ke6 36. Rf2 Bb3 37. Rfe2 1/2-1/2

[Event "FIDE Grand Swiss"]
[Site "Riga"]
[Date "2021.10.28"]
[Round "2"]
[White "Dubov, Daniil"]
[Black "Erigaisi, Arjun Kumar"]
[Result "1/2-1/2"]
[WhiteElo "2714"]
[BlackElo "2634"]
[PlyCount "74"]
[EventDate "2021.10.27"]
[EventType "swiss"]
[EventRounds "11"]
[EventCountry "LAT"]
[SourceTitle "CBM 205"]
[Source "ChessBase"]
[SourceDate "2021.11.30"]
[SourceVersion "1"]
[SourceVersionDate "2021.11.30"]
[SourceQuality "1"]

1. d4 d5 2. c4 e6 3. Nc3 Bb4 4. e3 Nf6 5. Nf3 O-O 6. Bd2 b6 7. cxd5 exd5 8. Bd3 c5 9. h3 ({RR} 9. dxc5 bxc5 10. O-O Bg4 11. h3 Bh5 12. a3 Ba5 13. b4 cxb4 14. axb4 Bxb4 15. Qa4 a5 16. Nd4 Bg6 17. Bxg6 hxg6 18. Rfb1 Ra6 19. Nc2 Bd6 20. Nd4 Nbd7 21. Qb5 Qa8 22. Nxd5 Nxd5 23. Qxd7 a4 {Le,Q (2728)-Ponomariov,R (2664) Baku AZE 2023 ½-½ (55)}) 9... Ba6 $146 ({RR} 9... Nc6 10. a3 Ba5 11. O-O Bb7 12. Rc1 Bxc3 13. Bxc3 c4 14. Bc2 b5 15. Ne5 a5 16. f3 Qb6 17. Nxc6 Bxc6 18. Qd2 Rfb8 19. b4 cxb3 20. Bxb3 b4 21. axb4 axb4 22. Bb2 Ba4 23. Qc2 Bxb3 24. Qxb3 {Bluebaum,M (2646)-Firman Syah,F Chess.com INT 2020 1-0 (32)}) ({RR} 9... Nc6 10. a3 Bxc3 11. Bxc3 c4 12. Bc2 Ne4 13. Bxe4 dxe4 14. Ne5 Nxe5 15. dxe5 Qg5 16. Qc2 Qxg2 17. O-O-O Be6 18. Rhg1 Qf3 19. Rg3 Qh5 20. Qxe4 Rfd8 21. Rdg1 g6 22. Rg5 Qe2 23. f4 Rac8 24. f5 {Gales,R (2215)-Gavrilescu,D (2549) Eforie Nord ROU 2025 ½-½ (48)}) 10. Bxa6 Nxa6 11. O-O Ne4 12. Rc1 Bxc3 13. Bxc3 c4 14. Be1 b5 15. Nd2 Re8 16. Nxe4 Rxe4 17. b3 Nb8 18. Qh5 Nc6 19. Bd2 g6 20. Qf3 h5 21. Rb1 Rb8 22. Rb2 Qc7 23. Rfb1 Rb6 24. bxc4 bxc4 25. Rxb6 axb6 26. Rb5 Qd8 27. a4 Na7 28. Rb4 Nc6 29. Rb5 Na7 30. Rb4 Qc7 31. Bc3 Qc6 32. Qd1 Re6 33. Qb1 Nc8 34. Rb5 Na7 35. Rb4 Nc8 36. Rb5 Na7 37. Rb4 Nc8 1/2-1/2

[Event "New Delhi Parsvnath op-A 17th"]
[Site "New Delhi"]
[Date "2019.01.11"]
[Round "4"]
[White "Khusenkhojaev, Muhammad"]
[Black "Erigaisi, Arjun Kumar"]
[Result "1/2-1/2"]
[WhiteElo "2455"]
[BlackElo "2548"]
[PlyCount "111"]
[EventDate "2019.01.09"]
[EventType "swiss"]
[EventRounds "10"]
[EventCountry "IND"]
[SourceTitle "CBM 188 Extra"]
[Source "ChessBase"]
[SourceDate "2019.02.26"]
[SourceVersion "1"]
[SourceVersionDate "2019.02.26"]
[SourceQuality "1"]

1. d4 Nf6 2. c4 e6 3. Nc3 Bb4 4. Qc2 O-O 5. a3 Bxc3+ 6. Qxc3 b6 7. Nf3 Bb7 8. g3 d5 9. Bg2 a5 $146 ({RR} 9... dxc4 10. Qxc4 Bd5 11. Qd3 Nbd7 12. O-O c5 13. Bf4 Qe7 14. Rac1 Rfd8 15. Rfd1 h6 16. h4 c4 17. Qc2 b5 18. Bc7 Rdc8 19. Ba5 Be4 20. Qd2 Nd5 21. Ne1 Bxg2 22. Nxg2 f5 23. Re1 Qf7 24. f3 {Grigorian,K (2465)-Balashov,Y (2565) Leningrad 1977 ½-½ (41)}) ({RR} 9... Nbd7 10. cxd5 Bxd5 11. O-O c5 12. Be3 Rc8 13. Rfd1 Qe7 14. dxc5 Ne4 15. Qb4 Nexc5 16. Nd4 Bxg2 17. Kxg2 Nf6 18. Bg5 Qb7+ 19. f3 Nd5 20. Qe1 h6 21. Bd2 Rfd8 22. e4 Ne7 23. Be3 e5 24. Nb5 {Kortschnoj,V (2634)-Tiviakov,S (2631) Warsaw 2002 ½-½ (52)}) ({RR} 9... dxc4 10. Qxc4 Bd5 11. Qd3 Nbd7 12. O-O c5 13. Be3 c4 14. Qc2 b5 15. Ne1 Bxg2 16. Nxg2 Nb6 17. f3 Qc7 18. Bf2 Rfc8 19. e4 a5 20. Rfc1 Ne8 21. Nf4 Qb7 22. Kg2 Nd6 23. h4 b4 24. axb4 {Mirzoev,A (2417)-Chandran,K (2333) Budapest HUN 2023 ½-½ (37)}) ({RR} 9... Nbd7 10. Bg5 Rc8 11. cxd5 {½-½ (11) Karolyi,T-Groszpeter,A (2435) Budapest 1981}) 10. O-O Nbd7 11. Rd1 a4 12. cxd5 Bxd5 13. Bf4 Ra7 14. Rac1 Qa8 15. Ne1 c5 16. dxc5 Nxc5 17. Be5 Nb3 18. Rc2 Bxg2 19. Bxf6 gxf6 20. Nxg2 Rd8 21. Rxd8+ Qxd8 22. Nf4 Rd7 23. Qe3 Rd1+ 24. Kg2 Nc5 25. Rc4 h6 26. Rb4 Kh7 27. Qc3 Rd2 28. Rxb6 Qxb6 29. Qxd2 Ne4 30. Qe3 Qxe3 31. fxe3 Kg7 32. Kf1 Kf8 33. Ke1 Ke7 34. Kd1 Kd6 35. Kc2 Kc5 36. b3 axb3+ 37. Kxb3 Nd2+ 38. Kc3 Nf1 39. Nh5 f5 40. Kd3 Nxh2 41. e4 fxe4+ 42. Kxe4 Ng4 43. Kf4 Nf2 44. Nf6 Kd4 45. a4 Nh3+ 46. Kg4 Ng1 47. a5 Kc5 48. e3 Kb5 49. Kh5 Kxa5 50. Kxh6 Nf3 51. Ne4 Kb6 52. Ng5 Ne5 53. Kg7 f5 54. Nxe6 Ng4 55. Nd4 Nxe3 56. Kf6 1/2-1/2

[Event "Meltwater Tour Final 2022"]
[Site "chess24.com INT"]
[Date "2022.11.17"]
[Round "4.1"]
[White "Mamedyarov, S.."]
[Black "Erigaisi, Arjun"]
[Result "1/2-1/2"]
[WhiteElo "2741"]
[BlackElo "2718"]
[PlyCount "118"]
[EventDate "2022.11.14"]

1. d4 Nf6 2. c4 e6 3. Nc3 Bb4 4. Qc2 d5 5. Nf3 O-O 6. Bg5 c5 7. dxc5 ({RR} 7. e3 h6 8. Bh4 cxd4 9. exd4 Nbd7 10. cxd5 Nb6 11. dxe6 Bxe6 12. Be2 Rc8 13. a3 Bxc3+ 14. bxc3 Nbd5 15. O-O Rxc3 16. Qb2 Qc7 17. Rac1 Nf4 18. Bb5 N6d5 19. Bg3 Rc8 20. Rxc3 Qxc3 21. Qxc3 Rxc3 {Mamedyarov,S (2757)-Leko,P (2730) Beijing 2013 0-1 (33)}) 7... dxc4 ({RR} 7... d4 8. O-O-O Nc6 9. e3 Bxc3 10. bxc3 e5 11. cxd4 exd4 12. exd4 Qa5 13. Bxf6 gxf6 14. Kb2 b6 15. Qc3 bxc5 16. Qxa5 Nxa5 17. d5 Rb8+ 18. Kc3 Nb7 19. Rb1 Bg4 20. Nd2 Nd6 21. Bd3 Rxb1 22. Rxb1 {Vera Gonzalez Quevedo,R (2299)-Przybylski,W (2340) chess.com INT 2025 1-0 (45)}) 8. e3 h6 9. Bh4 Nbd7 $146 ({RR} 9... Qa5 10. Bxf6 gxf6 11. Bxc4 Qxc5 12. Bb3 Nc6 13. O-O Bxc3 14. Rac1 Bb4 15. Qxc5 Bxc5 16. Rxc5 Bd7 17. Rfc1 Rfc8 18. Ba4 Kf8 19. Kf1 Ke7 20. Ke2 a6 21. a3 b5 22. Bd1 Na5 23. Nd2 Nb7 24. Rxc8 {So,W (2767)-Alekseenko,K (2674) Douglas 2019 ½-½ (45)}) 10. Bxc4 Qa5 11. O-O Bxc3 12. bxc3 Qxc5 13. Be2 b6 14. Rfd1 Bb7 15. c4 Rac8 16. Rac1 Rfd8 17. Nd4 Ne5 18. Qa4 a6 19. Nb3 Rxd1+ 20. Rxd1 Qc7 21. f3 Nxc4 22. Bxc4 Qxc4 23. Qxc4 Rxc4 24. Rd8+ Kh7 25. Bxf6 gxf6 26. Rd7 Bc8 27. Rxf7+ Kg6 28. Rf8 a5 29. h3 a4 30. Nd2 Rc1+ 31. Kh2 f5 32. f4 Bb7 33. Rb8 Bd5 34. Nf3 Bxf3 35. gxf3 Rb1 36. Kg3 b5 37. a3 Rb3 38. Rb7 Rxa3 39. Rxb5 Rxe3 40. Ra5 a3 41. Ra7 Rb3 42. Re7 Kf6 43. Ra7 Rc3 44. Kf2 Rc2+ 45. Kg3 a2 46. h4 Kg6 47. Kh3 Kh5 48. Kg3 Re2 49. Ra6 Kg6 50. Ra7 Kf6 51. Kh3 h5 52. Kg3 Rb2 53. Kh3 Rc2 54. Kg3 Re2 55. Kh3 e5 56. Ra6+ Ke7 57. fxe5 f4 58. Ra7+ Ke6 59. Rxa2 Rxa2 1/2-1/2

[Event "Tata Steel-B 84th"]
[Site "Wijk aan Zee"]
[Date "2022.01.30"]
[Round "13"]
[White "Maurizzi, Marc Andria"]
[Black "Erigaisi, Arjun Kumar"]
[Result "0-1"]
[WhiteElo "2502"]
[BlackElo "2632"]
[PlyCount "124"]
[EventDate "2022.01.15"]
[EventType "tourn"]
[EventRounds "13"]
[EventCountry "NED"]
[EventCategory "13"]
[SourceTitle "CBM 206"]
[Source "ChessBase"]
[SourceDate "2022.02.28"]
[SourceVersion "1"]
[SourceVersionDate "2022.02.28"]
[SourceQuality "1"]

1. d4 Nf6 2. c4 e6 3. Nc3 Bb4 4. Nf3 O-O 5. Bg5 c5 6. Rc1 h6 7. Bh4 cxd4 8. Nxd4 d5 9. cxd5 Bxc3+ 10. Rxc3 g5 11. Bg3 Qxd5 12. f3 e5 13. Nb3 $146 ({RR} 13. Nc2 Qxd1+ 14. Kxd1 Rd8+ 15. Ke1 Nd5 16. Rd3 Nc6 17. e4 Nf4 18. Rxd8+ Nxd8 19. Bf2 Be6 20. b3 a5 21. g3 Nh5 22. Kd2 a4 23. Kc3 axb3 24. axb3 g4 25. fxg4 Nf6 26. Bd3 Bxg4 27. Nb4 Rc8+ {Caruana,F (2764)-Deac,B (2700) Bucharest ROU 2023 ½-½ (49)}) 13... Qxd1+ 14. Kxd1 e4 15. Nd2 Re8 16. Nxe4 Nxe4 17. fxe4 Nc6 18. e3 Rxe4 19. Bd3 Re8 20. Bb5 Rd8+ 21. Kc1 Nb4 22. Bc4 Bf5 23. Rf1 Be6 24. Bxe6 fxe6 25. Kb1 Rf8 26. Rfc1 Nc6 27. Rb3 Rf7 28. Rd1 Rd8 29. Rxd8+ Nxd8 30. a3 Kf8 31. Kc2 Nc6 32. Kd2 Kg7 33. Ke2 Kg6 34. Rd3 h5 35. Rd6 h4 36. Be1 Kf6 37. h3 Ke7 38. Rd1 e5 39. b4 Ke6 40. b5 Ne7 41. Rd8 Nd5 42. Ra8 b6 43. Bd2 Nf6 44. a4 Ne4 45. Be1 Kd5 46. Rc8 Ke6 47. Rc6+ Kd5 48. Rc8 Ng3+ 49. Kd3 e4+ 50. Kc3 Nf1 51. Rg8 Rc7+ 52. Kb3 Nxe3 53. Rxg5+ Kd4 54. a5 bxa5 55. g3 hxg3 56. Rxg3 Nd5 57. Bxa5 Rc5 58. Ka4 e3 59. Rg7 Nb6+ 60. Kb4 Nd5+ 61. Ka4 e2 62. Rxa7 Rc3 0-1

[Event "chess.com SpeedChess 2023"]
[Site "chess.com INT"]
[Date "2023.09.14"]
[Round "1.1"]
[White "Nepomniachtchi, I.."]
[Black "Erigaisi, Arjun"]
[Result "1-0"]
[WhiteElo "2771"]
[BlackElo "2712"]
[PlyCount "95"]
[EventDate "2023.09.04"]

1. d4 Nf6 2. c4 e6 3. Nc3 Bb4 4. e3 O-O 5. Nf3 d5 6. Bd3 c5 7. O-O cxd4 8. exd4 dxc4 9. Bxc4 b6 10. Qe2 Bb7 11. Rd1 Nbd7 12. d5 e5 ({RR} 12... Bxc3 13. dxe6 Bxf3 14. gxf3 fxe6 15. bxc3 Qc7 16. Bxe6+ Kh8 17. Qc4 Qb7 18. Bxd7 Nxd7 19. Qd5 Qxd5 20. Rxd5 Nc5 21. Be3 Rxf3 22. Re1 Ne6 23. a4 Rf7 24. a5 h6 25. axb6 axb6 26. Bxb6 Nf4 27. Ra5 {Topalov,V (2793)-Aronian,L (2813) Stavanger 2013 ½-½ (41)}) ({RR} 12... exd5 13. Nxd5 Nxd5 14. Bxd5 Bxd5 15. Rxd5 Qc7 16. a3 Nf6 17. Rd1 Rfe8 18. Be3 Bc5 19. Qc2 Rxe3 20. b4 Rxf3 21. gxf3 Bd6 22. Qxc7 Bxc7 23. Rac1 Bf4 24. Rc6 h5 25. Rd4 Be5 26. Rdc4 Rd8 27. Rc8 {Van Foreest,J (2682)-Martinez Pla,X (2251) chess.com INT 2024 1-0 (53)}) 13. Bg5 Bxc3 14. bxc3 Rc8 15. Rac1 $146 ({RR} 15. Bb3 h6 16. Bh4 Re8 17. Ba4 Rxc3 18. Bxf6 Nxf6 19. Bxe8 Qxe8 20. Qxe5 Qxe5 21. Nxe5 Nxd5 22. Rac1 Ra3 23. Rd2 b5 24. Rc5 a6 25. h4 Nf6 26. Rd8+ Kh7 27. Nxf7 Bd5 28. Rcxd5 Nxd5 29. h5 g6 {Korobov,A (2679)-Makhmutov,R (2341) Sochi 2012 1-0 (35)}) 15... Qc7 16. Bb3 Qd6 17. c4 h6 18. Bh4 Nh5 19. Nd2 Nf4 20. Qe3 Nc5 21. Bc2 f5 22. f3 Ba6 23. Re1 Rce8 24. Bb1 g5 25. Bg3 h5 26. h4 Ng6 27. Qxg5 Bc8 28. Nf1 Qf6 29. Qxh5 Kg7 30. Qg5 Qxg5 31. hxg5 e4 32. Bd6 Rh8 33. Bxc5 bxc5 34. fxe4 f4 35. Nh2 Ne5 36. Nf3 Nxf3+ 37. gxf3 Rh3 38. Kg2 Rh5 39. Rh1 Rxg5+ 40. Kf2 Bd7 41. e5 Rgxe5 42. Rh7+ Kf6 43. Rxd7 Re2+ 44. Kf1 R8e3 45. Rd6+ Kf7 46. Re6 Rxe6 47. dxe6+ Rxe6 48. Be4 1-0

[Event "Fagernes op"]
[Site "Fagernes"]
[Date "2022.04.17"]
[Round "9"]
[White "Nihal, Sarin"]
[Black "Erigaisi, Arjun Kumar"]
[Result "1/2-1/2"]
[WhiteElo "2648"]
[BlackElo "2675"]
[PlyCount "50"]
[EventDate "2022.04.10"]
[EventType "swiss"]
[EventRounds "9"]
[EventCountry "NOR"]
[SourceTitle "CBM 207 Extra"]
[Source "ChessBase"]
[SourceDate "2022.05.31"]
[SourceVersion "1"]
[SourceVersionDate "2022.05.31"]
[SourceQuality "1"]

1. d4 Nf6 2. c4 e6 3. Nc3 Bb4 4. Qc2 O-O 5. Nf3 c5 6. dxc5 Na6 7. g3 Nxc5 8. Bg2 Nce4 9. O-O Nxc3 10. bxc3 Be7 11. e4 d6 12. e5 dxe5 13. Nxe5 Qc7 14. Qe2 Nd7 15. Bf4 Nxe5 16. Bxe5 Bd6 17. Rfe1 Rb8 18. Rad1 Bxe5 19. Qxe5 Qxe5 20. Rxe5 b6 21. c5 f6 ({RR} 21... Ba6 22. c6 Rbc8 23. Rd7 Rfd8 24. Re4 Rxd7 25. cxd7 Rd8 26. Ra4 Bb5 27. Rxa7 Kf8 28. Bf1 Bxd7 29. Rb7 e5 30. Bc4 b5 31. Bxb5 Be6 32. c4 Rd1+ 33. Kg2 Rc1 34. a4 Bxc4 35. Bxc4 Rxc4 36. a5 {Nakamura,H (2781)-Caruana,F (2799) London 2017 ½-½ (43)}) ({RR} 21... bxc5 22. Rxc5 Bb7 23. Rd7 Bxg2 24. Kxg2 a6 25. Ra7 Rb5 26. Rxb5 axb5 27. Rb7 Ra8 28. Rxb5 Kf8 29. Rb2 Ra3 30. Rc2 Ke7 31. c4 Kd6 32. c5+ Kc6 33. Kf1 Rd3 34. Ke2 Rd5 35. Ke3 Rd7 36. Rc4 {Johnson,D (2160)-Johansson,T (2199) Uppsala SWE 2024 ½-½ (66)}) 22. cxb6 axb6 23. Re3 e5 24. Bd5+ $146 ({RR} 24. Rd6 Bf5 25. Bd5+ Kh8 26. f4 exf4 27. gxf4 Rfd8 28. Rxd8+ Rxd8 29. c4 h5 30. Rb3 Rd6 31. Kf2 Be6 32. Re3 Bxd5 33. Rd3 Kh7 34. cxd5 Kg6 35. Ke3 Kf5 36. Kd4 Kxf4 37. Rc3 Rd8 38. a3 h4 {Kaczmarczyk,D (2415)-Buss,R (2361) Switzerland 2016 ½-½ (46)}) 24... Kh8 25. c4 Bb7 1/2-1/2

[Event "Titled Tue 18th Mar Early"]
[Site "chess.com INT"]
[Date "2025.03.18"]
[Round "2"]
[White "Reshetnikov, Al"]
[Black "Erigaisi, Arjun"]
[Result "1-0"]
[WhiteElo "2492"]
[BlackElo "2777"]
[PlyCount "97"]
[EventDate "2025.03.18"]

1. d4 Nf6 2. c4 e6 3. Nc3 Bb4 4. e3 Nc6 5. Bd2 O-O 6. Bd3 $146 ({RR} 6. Nf3 d6 7. Qc2 e5 8. a3 exd4 9. exd4 Re8+ 10. Be3 Bxc3+ 11. Qxc3 d5 12. c5 Bg4 13. Be2 Ne4 14. Qd3 b6 15. cxb6 axb6 16. O-O Na5 17. Qc2 c5 18. dxc5 bxc5 19. Rfd1 d4 20. Nxd4 cxd4 {Bluebaum,M (2663)-Anton Guijarro,D (2642) London ENG 2025 1-0 (47)}) ({RR} 6. a3 Bxc3 7. Bxc3 Ne4 8. Qc2 Nxc3 9. Qxc3 a5 10. b3 d6 11. Nf3 Qe7 12. Be2 e5 13. d5 Nd8 14. e4 Bg4 15. O-O c5 16. b4 Qc7 17. bxc5 Qxc5 18. Rfb1 Bd7 19. Rb2 f6 20. Rc1 Rb8 {Kanko,I-Hamann,S Halle/Saale 1963 ½-½ (48)}) 6... e5 7. Nge2 exd4 8. exd4 d5 9. cxd5 Nxd5 10. O-O Re8 11. a3 Bxc3 12. bxc3 Bg4 13. Re1 Nb6 14. Qc2 h6 15. Nf4 Qd6 16. a4 a5 17. Qb3 Bd7 18. Rxe8+ Rxe8 19. Ne2 Be6 20. Qb5 Bd5 21. Bf4 Qd7 22. Ng3 Qe7 23. h3 Rd8 24. Nf5 Qd7 25. Ne3 Be6 26. Qh5 Nd5 27. Nxd5 Bxd5 28. c4 Bxg2 29. d5 Bxh3 30. dxc6 bxc6 31. Rd1 Qc8 32. Be2 Rxd1+ 33. Bxd1 Qe6 34. Qe2 Qg6+ 35. Bg3 Be6 36. Bc2 Qg5 37. Bd3 h5 38. Qe4 g6 39. Qf4 Qc5 40. Qxc7 Bxc4 41. Qd8+ Kh7 42. Be4 Be6 43. Qf6 Qf8 44. Be5 Kg8 45. Bxg6 Qh6 46. Qd8+ Qf8 47. Bh7+ Kxh7 48. Qxf8 Kg6 49. Qg7+ 1-0

[Event "Chennai GM 2024"]
[Site "Chennai IND"]
[Date "2024.11.07"]
[Round "3.4"]
[White "Sarana, A.."]
[Black "Erigaisi, Arjun"]
[Result "0-1"]
[WhiteElo "2679"]
[BlackElo "2799"]
[PlyCount "74"]
[EventDate "2024.11.05"]

1. d4 Nf6 2. c4 e6 3. Nc3 Bb4 4. e3 b6 5. Bd3 Bb7 6. Nf3 O-O 7. O-O c5 8. Na4 cxd4 9. a3 Be7 10. exd4 Qc7 11. Re1 d5 12. c5 bxc5 13. Nxc5 Bxc5 14. dxc5 Qxc5 15. Bf4 $146 ({RR} 15. b4 Qe7 {½-½ (15) Farago,I (2510)-Keene,R (2480) Dortmund 1978}) ({RR} 15. b4 Qe7 16. Bb2 Nbd7 17. Qc1 Rfe8 18. Qg5 a5 19. Bb5 Red8 20. bxa5 Rxa5 21. a4 Qb4 22. Ba3 Qb3 23. Be7 Rb8 24. Bxf6 Nxf6 25. Ba6 {½-½ (25) Guichard,P (2304)-Jens,J (2366) France 2009}) 15... Qb6 16. Ne5 Ba6 17. Bc2 Rc8 18. b4 Nc6 19. Rc1 Nxe5 20. Bxe5 Rc4 21. Bxf6 gxf6 22. Qh5 Kf8 23. Bb3 Rc6 24. Qxh7 Rac8 25. Rcd1 d4 26. h4 d3 27. h5 Qd4 28. Re4 Qb2 29. Ba4 Rc1 30. Qh6+ Ke7 31. Qe3 Rxd1+ 32. Bxd1 Qc1 33. Qxa7+ Rc7 34. Qxa6 Qxd1+ 35. Kh2 Qxh5+ 36. Kg3 d2 37. Rd4 Qe5+ 0-1